One Direction - Better Than Words - Paroles - Statistics

General Stats
  • This quiz has been taken 87 times
  • The average score is 196 of 264
Answer Stats
Hint Answer % Correct
be
98%
Verse 1 | Verse 2 Better
97%
better
97%
better,
97%
I
97%
than
97%
words,
97%
words
97%
a
93%
more
91%
You
91%
you
91%
you,
91%
on
90%
baby
88%
don't
88%
ever
88%
me
88%
Crazy
86%
crazy
86%
Crazy,
86%
feeling
84%
in
84%
love,
84%
love?
84%
make
84%
the
84%
to
81%
To
81%
wanna,
81%
wanna-,
81%
Ah
78%
ah-ah
78%
dancing
78%
know
78%
we
78%
how
76%
Oh-oh-oh
76%
oh-oh-oh
76%
one
76%
Chorus Ooh,
76%
ooh,
76%
ooh
76%
ooh-ooh
76%
your
76%
Every
74%
it
74%
like
74%
my
74%
Someone
74%
enough
72%
good
72%
night
72%
time
72%
up
72%
always
71%
hips
71%
lie
71%
Best
69%
'Cause
69%
'cause
69%
had,
69%
is
69%
ain't
67%
i'm
67%
touch,
67%
ceiling
64%
drive
64%
deep
62%
It's
62%
it's
62%
can
60%
sum
60%
no
59%
all
57%
explain
53%
God
53%
Irreplaceable
53%
only
53%
what
53%
feels
52%
can't
50%
knows,
50%
never
50%
shook
50%
But
48%
Chorus Ah
45%
see
45%
Bridge Everyone
43%
right
43%
they'll
43%
yeah
41%
tries
40%
we're
38%
there's
34%
way
34%
else
33%
No matching quizzes found
Score Distribution
Percent of People with Each Score
Percentile by Number Answered
Your Score History
You have not taken this quiz